|
|
|
|
| LEADER |
00000naa2a2200000 4500 |
| 001 |
671927 |
| 005 |
20240405113115.0 |
| 090 |
|
|
|a 671927
|
| 100 |
|
|
|a 20240402d2023 k||y0rusy50 ba
|
| 101 |
0 |
|
|a eng
|
| 102 |
|
|
|a RU
|
| 135 |
|
|
|a drcn ---uucaa
|
| 200 |
1 |
|
|a Neologisms and their evolvement in contemporary Australian English
|f Н. В. Аксёнова
|g Национальный исследовательский Томский политехнический университет
|
| 225 |
|
|
|a Актуальные векторы исследований и подходы в современной лингвистике
|
| 320 |
|
|
|a Литература: с. 12
|
| 330 |
|
|
|a The Australian English has always been an amazing amalgamation of colourful words and expressions. This paper will delve into some new words that have found their way into Australian vocabulary illustrating the richness and fluidity of Australian English and, mainly, new neologisms connected with different foods will be taken into account in this paper
|
| 336 |
|
|
|a Текстовый файл
|
| 463 |
|
0 |
|0 670681
|t Язык. Общество. Образование
|o сборник научных трудов IV Международной научно-практической конференции «Лингвистические и культурологические аспекты современного инженерного образования» памяти кандидата педагогических наук, доцента Н.А. Качалова, Томск, 15-17 ноября 2023 г.
|v С. 7-12
|d 2023
|9 670681
|a Кобенко, Ю. В. (лингвист ; 1977-)
|c Томск
|n Изд-во ТПУ
|p 1 файл (6,11 Мб, 273 с.)
|u conference_tpu-2023-C85_V2.pdf
|
| 610 |
1 |
|
|a электронный ресурс
|
| 610 |
1 |
|
|a труды учёных ТПУ
|
| 610 |
1 |
|
|a Australian English
|
| 610 |
1 |
|
|a neologisms
|
| 610 |
1 |
|
|a vocabulary
|
| 610 |
1 |
|
|a cuisine and food
|
| 610 |
1 |
|
|a cultural events
|
| 610 |
1 |
|
|a COVID terms
|
| 700 |
|
1 |
|a Аксёнова
|b Н. В.
|c лингвист
|c доцент Томского политехнического университета, кандидат филологических наук
|f 1979-
|g Наталия Валерьевна
|9 15585
|
| 712 |
0 |
2 |
|a Национальный исследовательский Томский политехнический университет
|b Школа базовой инженерной подготовки
|b Отделение иностранных языков
|3 (RuTPU)RU\TPU\col\23510
|9 28326
|
| 801 |
|
2 |
|a RU
|b 63413507
|c 20240402
|g RCR
|
| 856 |
4 |
|
|u http://earchive.tpu.ru/handle/11683/77930
|z http://earchive.tpu.ru/handle/11683/77930
|
| 942 |
|
|
|c CF
|